00682nam a2200193Ia 4500008004100000020001400041082001400055100002500069245007000094250000700164260004500171300003300216500001900249600002100268650005000289942000700339952012700346999001500473240925s9999 xx 000 0 und d a137822693 a006.3 STA aStaugaard, Andrew C. 0aRobotics and AI: an interoduction to applied machine intelligence aNA aNew Jersey:bPrintice- Hall Int.c,1987. aVarious pagesbNAfPhotocopy aIncludes Index aComputer Science aComputer science, information & general works cBK 001040708CSaUITUbUITUd2002-02-13eFair Book Centerg275.00l0o006.3 STApQ4234r2024-09-25 07:13:26w2024-09-25yBK c6733d6733